Ψυχολογία και παιδαγωγική

Αποθηκεύτηκε σε:
Λεπτομέρειες βιβλιογραφικής εγγραφής
Κύριος συγγραφέας: Piaget, Jean, 1896-1980
Μορφή: Βιβλίο
Γλώσσα:Greek
French
Δημοσίευση: Αθήνα : Νέα Σύνορα ; Χελιδόνι, 1979.
Θέματα:
Ετικέτες: Προσθήκη ετικέτας
Δεν υπάρχουν, Καταχωρήστε ετικέτα πρώτοι!

MARC

LEADER 00000cam a2200000 i 4500
001 1/74760
008 960515s1988 gr | ||| |||| ||gre||
035 |a 1987  |c Αγορά  |l 10031923 
035 |a 1988  |b 2  |c Αγορά/Ανθουλιάς 
040 |a GR-MyUa  |b gre  |e AACR2 
041 1 |a gre  |h fre 
082 7 |a 370.15   |2 (22) 
100 1 |a Piaget, Jean,   |d 1896-1980. 
245 1 0 |a Ψυχολογία και παιδαγωγική /   |c Ζαν Πιαζέ ; επιμέλεια Τάσος Ανθουλιάς. 
260 |a Αθήνα :   |b Νέα Σύνορα ; Χελιδόνι,   |c 1979. 
300 |a 192 σ. ;   |c 21 εκ. 
650 0 |a Educational psychology. 
650 0 |a Learning, Psychology of. 
650 0 |a Child psychology. 
765 0 8 |i Μετάφραση του:   |t Psychologie et pedagogie /  
852 |a INST  |b RHODES  |e 19960515  |h 370.15 PIA  |p 005400001561  |q 005400001561  |t BK  |y 0 
852 |a INST  |b RHODES  |e 19960515  |h 370.15 PIA  |p 005400001562  |q 005400001562  |t BK  |y 0 
852 |a INST  |b RHODES  |e 19960515  |h 370.15 PIA  |p 005400001563  |q 005400001563  |t BK  |y 0 
852 |a INST  |b RHODES  |e 19960515  |h 370.15 PIA  |p 005400001564  |q 005400001564  |t BK  |y 0 
852 |a INST  |b RHODES  |e 19960515  |h 370.15 PIA  |p 005400001565  |q 005400001565  |t BK  |y 0 
852 |a INST  |b RHODES  |e 19960515  |h 370.15 PIA  |p 005400001566  |q 005400001566  |t BK  |y 0 
852 |a INST  |b RHODES  |e 19960515  |h 370.15 PIA  |p 005400001567  |q 005400001567  |t BK  |y 0 
852 |a INST  |b RHODES  |e 19960515  |h 370.15 PIA  |p 005400001568  |q 005400001568  |t BK  |y 0 
852 |a INST  |b RHODES  |e 19960515  |h 370.15 PIA  |p 005400001569  |q 005400001569  |t BK  |y 0 
852 |a INST  |b RHODES  |e 19960515  |h 370.15 PIA  |p 005400001570  |q 005400001570  |t BK  |y 0 
852 |a INST  |b RHODES  |e 19960710  |h 370.15 PIA  |p 005400004247  |q 005400004247  |t BK  |y 0 
852 |a INST  |b RHODES  |e 20040218  |h 370.15 PIA  |p 005400019666  |q 005400019666  |t BK  |y 0 
852 |a INST  |b RHODES  |e 19960515  |h 370.15 PIA  |p N10011671  |q N10011671  |t BK  |y 12 
970 |a ΚΟΥΛΑΚΙΟΤΗ  |b ΛΙΤΣΑ  |z 2004/02/18